Sports Quiz

Random Sports Quiz
Score 0/46 Timer 08:00
0 Plays Today
Number Player % Correct
#3Marc Murphy
95.8%
#9Patrick Cripps
95.8%
#10Harry McKay
91.7%
#41Levi Casboult
91.7%
#1Jack Silvagni
87.5%
#5Sam Petrevski-Seton
87.5%
#6Kade Simpson
87.5%
#14Liam Jones
87.5%
#15Sam Docherty
87.5%
#18Sam Walsh
87.5%
#30Charlie Curnow
87.5%
#35Ed Curnow
87.5%
#37Ben Silvagni
87.5%
#8Matthew Kreuzer
83.3%
#34Andrew Phillips
75%
#11Mitch McGovern
70.8%
#20Lachie Plowman
70.8%
#23Jacob Weitering
70.8%
#25Zac Fisher
70.8%
#39Dale Thomas
70.8%
#7Matthew Kennedy
66.7%
#22Caleb Marchbank
66.7%
#40Michael Gibbons
66.7%
Number Player % Correct
#2Paddy Dow
62.5%
#4Lochie O'Brien
62.5%
#24Nic Newman
62.5%
#27Matthew Lobbe
62.5%
#16Darcy Lang
58.3%
#43Will Setterfield
58.3%
#47Josh Deluca
54.2%
#13Liam Stocker
50%
#21Jarrod Garlett
50%
#28David Cunningham
50%
#29Cameron Polson
50%
#31Tom Williamson
50%
#32Alex Fasolo
50%
#33Jarrod Pickett
45.8%
#19Angus Schumacher
37.5%
#26Harrison Macreadie
33.3%
#36Patrick Kerr
33.3%
#45Hugh Goddard
33.3%
#12Tom De Koning
29.2%
#42Kym Lebois
29.2%
#46Matthew Cottrell
25%
#44Matthew Owies
20.8%
#38Finbar O'Dwyer
8.3%

You're not logged in!

Compare scores with friends on all Sporcle quizzes.
OR
Log In

Sporcle TV

Today on Sporcle TV


Watch our educational content, quiz creation guides, and fun videos on Sporcle TV.

Show Comments

Extras

Top Quizzes Today


Score Distribution

Paid Content

Your Account Isn't Verified!

In order to create a playlist on Sporcle, you need to verify the email address you used during registration. Go to your Sporcle Settings to finish the process.

Report this User

Report this user for behavior that violates our Community Guidelines.

Details: